000 00729nam a22001937a 4500
999 _c182524
_d182524
005 20211118134922.0
010 _aENG-130110
020 _a978-81-927088-2-9
_c199.00
035 _aEN-1136412
037 _bDBAD/PUB
082 _a485
100 _aLakshmi, B. Anand
245 _aEnglish Language and Communication Skills for Engineers:
_cB. Anand Lakshmi, P. B. Esther Rani, Naidu Jayashree
250 _a2018
260 _aHyderabad
_bSpectrum Educational Books
_c2018
270 _a326/C, 1st Floor Surneni Nilayam, Near B K Guda Park, S.R Nagar
_bHyderabad
_e500 038
_k914023710657
_l+914023810657
300 _ax, 238p.
_c24cm (pbk)
_bSummary, Review Questions, Exercises
942 _2ddc
_cEN
_h485
_mLAK